|
|
|
|
| LEADER |
00000nam a22000005a 4500 |
| 001 |
17363 |
| 003 |
CL-ChBUA |
| 005 |
20120815103634.0 |
| 008 |
070301s2000 sp 000 0 spa |
| 040 |
|
|
|a CL-ChBUA
|c CL-ChBUA
|
| 082 |
0 |
0 |
|a 500
|
| 090 |
|
|
|c 17363
|d 17363
|
| 245 |
1 |
0 |
|a Enciclopedia de Ciencias Naturales
|
| 260 |
|
|
|b Parramón.
|a Barcelona.
|c c2000.
|
| 300 |
|
|
|c Il., 28 cm.
|
| 504 |
|
|
|a Índice.
|
| 650 |
|
4 |
|a LITERATURA LATINA.
|
| 650 |
|
4 |
|a LITERATURA LATINA - HISTORIA Y CRÍTICA.
|
| 650 |
|
4 |
|a ROMA - VIDA SOCIAL Y COSTUMBRES.
|
| 942 |
|
|
|c LIBR
|
| 952 |
|
|
|0 0
|1 0
|2 ddc
|4 0
|6 R_500_000000000000000_EN_56_EN_V_1
|7 0
|9 24019
|a UNACH
|b UNACH
|c REA
|d 2007-03-05
|i 35.923
|l 1
|o R 500/ En 56 en v.1
|p 25018
|r 2019-11-11 00:00:00
|s 2018-08-31
|u 24019
|w 2012-08-08
|y LIBR
|
| 952 |
|
|
|0 0
|1 0
|2 ddc
|4 0
|6 R_500_000000000000000_EN_56_EN_V_2
|7 0
|9 24020
|a UNACH
|b UNACH
|c REA
|d 2007-03-05
|i 35.924
|l 1
|o R 500/ En 56.en v.2
|p 25019
|r 2024-10-30 00:00:00
|s 2018-08-31
|u 24020
|w 2012-08-08
|y LIBR
|
| 952 |
|
|
|0 0
|1 0
|2 ddc
|4 0
|6 R_500_000000000000000_EN_56_EN_V_3
|7 0
|9 24021
|a UNACH
|b UNACH
|c REA
|d 2007-03-05
|i 35.925
|l 0
|o R 500/ En 56.en v.3
|p 25020
|r 2025-08-08 09:10:42
|u 24021
|w 2012-08-08
|y LIBR
|
| 999 |
|
|
|c 17363
|d 17363
|